Country by Island #2 (Moderate) - Statistics

General Stats
  • This quiz has been taken 21 times
  • The average score is 10 of 15
Answer Stats
Island Country % Correct
Elba Italy
95%
Man United Kingdom
95%
Sulawesi Indonesia
90%
Tahiti France
86%
Wake United States
81%
Norfolk Australia
76%
Malé Maldives
76%
Cozumel Mexico
71%
Stewart New Zealand
67%
Panay Philippines
62%
Marajó Brazil
52%
Isabela Ecuador
48%
Bouvet Norway
48%
New Britain Papua New Guinea
48%
Bioko Equatorial Guinea
14%
No matching quizzes found
Score Distribution
Percent of People with Each Score
Percentile by Number Answered
Your Score History
You have not taken this quiz